| 000 | 01241nam a22003134a 4500 | ||
|---|---|---|---|
| 001 | ebr10080934 | ||
| 003 | CaPaEBR | ||
| 006 | m u | ||
| 007 | cr cn||||||||| | ||
| 008 | 030730s2002 enk sb 001 0 eng | ||
| 020 | _z0761962239 | ||
| 020 | _z0761962247 (pbk.) | ||
| 040 |
_aCaPaEBR _cCaPaEBR |
||
| 035 | _a(OCoLC)70774258 | ||
| 050 | 1 | 4 |
_aRC489.E93 _bV36 2002eb |
| 082 | 0 | 4 |
_a616.89/14 _222 |
| 100 | 1 | _aVan Deurzen, Emmy. | |
| 245 | 1 | 0 |
_aExistential counselling & psychotherapy in practice _h[electronic resource] / _cEmmy van Deurzen-Smith. |
| 246 | 3 | _aExistential counselling and psychotherapy in practice | |
| 250 | _a2nd ed. | ||
| 260 |
_aLondon ; _aThousand Oaks : _bSage Publications, _c2002. |
||
| 300 | _axiv, 224 p. | ||
| 504 | _aIncludes bibliographical references (p. [216]-220) and index. | ||
| 533 |
_aElectronic reproduction. _bPalo Alto, Calif. : _cebrary, _d2013. _nAvailable via World Wide Web. _nAccess may be limited to ebrary affiliated libraries. |
||
| 650 | 0 | _aExistential psychotherapy. | |
| 655 | 7 |
_aElectronic books. _2local |
|
| 710 | 2 | _aebrary, Inc. | |
| 856 | 4 | 0 |
_uhttp://site.ebrary.com/lib/rucke/Doc?id=10080934 _zAn electronic book accessible through the World Wide Web; click to view |
| 999 |
_c55550 _d55550 |
||